000 00456nam a22001937a 4500
003 MPLRDC
005 20220104114036.0
008 210129b ||||| |||| 00| 0 eng d
020 _a957-32-2279-5
082 _a848.2 ZTX v.5
100 _a朱天心著
245 _a击壤歌
_c
250 _a二版二刷
260 _a
_b远流出版公司
_c1995
300 _b
490 _a小说馆;112
650 _a现代别集
942 _cBK
_o848.2 ZTX v.5
999 _c4362
_d4352